000 01071cam a2200325 a 4500
001 12590357
003 OSt
005 20140310182814.0
008 011115s2002 caua b 001 0 eng
010 _a 2001280060
020 _a9812470263
040 _aDLC
_cDLC
_dDLC
050 0 0 _aQC 23.2
_b.H611 2002
082 0 0 _aM 530
_bH49 2002
100 1 _aHewitt, Paul G.
245 1 0 _aConceptual Physics
_cwritten and illustrated by Paul G. Hewitt.
250 _aninth edition
260 _aSan Francisco
_bAddison Wesley
_cc2002
300 _a 790 p.
_bill. (some col.)
_c27 cm.
500 _aCopyright date taken from label on t.p. verso.
504 _aIncludes bibliographical references and index.
521 _aHigh School to College Student
526 _c0L to 1700L
541 _j1
562 _efor circulation. 1 copy available in the collection
650 0 _aPhysics.
906 _a7
_bcbc
_corigcop
_d2
_encip
_f20
_gy-gencatlg
942 _2lcc
_cBK
_kM
999 _c16235
_d16235